000 00803nam a2200253Ia 4500
003 OSt
005 20221005103615.0
006 a|||||r|||| 00| 0
007 ta
008 221004b |||||||| |||| 00| 0 hin d
024 _a22973
037 _bGift, 03/11/2015,
_cTextual
040 _aCRL
_cCRL
_bhin
041 _2hin
_ahin
082 _aO157,1MN, 152J6
100 _aमधुप, अनु.
245 0 _aपलासी का युद्ध
246 _aPalāsī kā yuddha
260 _aझॉंसी
_bसाहित्य सदन भारत
_c1956
300 _a130पृ0
_ccm.
650 _aबंगाली साहित्य
942 _hO157,1MN, 152J6
_cTEXL
_2cc
999 _c1010415
_d1010415